000 00250nam a22001097a 4500
008 170124b xxu||||| |||| 00| 0 eng d
020 _a9780766841468
041 _aeng
080 _25TH
_a618.2
245 _aMEDICAL ASSISTING
_cKEIR, L
942 _2udc
_cBK
999 _c3425
_d3425